000 00649nam a22002057a 4500
005 20251108172052.0
008 250721s1992 xx 000 0 ara d
082 1 4 _a384.0956/يوس
100 1 _aالشيراوي، يوسف أحمد
245 1 0 _aالإتصالات و المواصلات في الحضارة الإسلامية /
264 1 _aلندن :
_bرياض الريس للكتب و النشر،
_c1992.
300 _a92ص
650 1 7 _aالحضارة الإسلامية
650 1 7 _aالإتصالات
650 1 7 _aالتاريخ
650 1 7 _aالعرب
650 1 7 _aالمواصلات
942 _2ddc
_cBK
999 _c69668
_d69668